|
|
|
|
| LEADER |
01556nam a2200421Ia 4500 |
| 001 |
EBC182518 |
| 003 |
MiAaPQ |
| 005 |
20200520144314.0 |
| 006 |
m o d | |
| 007 |
cr cn||||||||| |
| 008 |
030317s2004 enk sb 001 0 eng d |
| 010 |
|
|
|z 2003046537
|
| 020 |
|
|
|z 0203713214
|
| 020 |
|
|
|z 0415305292
|
| 035 |
|
|
|a (MiAaPQ)EBC182518
|
| 035 |
|
|
|a (Au-PeEL)EBL182518
|
| 035 |
|
|
|a (CaPaEBR)ebr10100516
|
| 035 |
|
|
|a (CaONFJC)MIL2469
|
| 035 |
|
|
|a (OCoLC)54494585
|
| 040 |
|
|
|a MiAaPQ
|c MiAaPQ
|d MiAaPQ
|
| 050 |
|
4 |
|a HC59.7
|b .D368 2004
|
| 082 |
0 |
4 |
|a 338.5/42
|2 21
|
| 100 |
1 |
|
|a Desai, Meghnad.
|
| 245 |
1 |
0 |
|a Global governance and financial crises
|h [electronic resource] /
|c Meghnad Desai and Yahia Said.
|
| 260 |
|
|
|a London :
|b Routledge,
|c 2004.
|
| 300 |
|
|
|a xiii, 161 p.
|
| 490 |
1 |
|
|a Routledge studies in the modern world economy ;
|v 40
|
| 504 |
|
|
|a Includes bibliographical references and index.
|
| 533 |
|
|
|a Electronic reproduction. Ann Arbor, MI : ProQuest, 2015. Available via World Wide Web. Access may be limited to ProQuest affiliated libraries.
|
| 650 |
|
0 |
|a Financial crises
|z Developing countries.
|
| 650 |
|
0 |
|a Monetary policy
|z Developing countries.
|
| 650 |
|
0 |
|a International finance.
|
| 651 |
|
0 |
|a Developing countries
|x Economic conditions.
|
| 655 |
|
4 |
|a Electronic books.
|
| 700 |
1 |
|
|a Said, Yahia,
|d 1965-
|
| 710 |
2 |
|
|a ProQuest (Firm)
|
| 830 |
|
0 |
|a Routledge studies in the modern world economy ;
|v 40.
|
| 856 |
4 |
0 |
|u https://ebookcentral.proquest.com/lib/matrademy/detail.action?docID=182518
|z Click to View
|